2023/24 Premier League Managers - Statistics

General Stats
  • This quiz has been taken 41 times
  • The average score is 14 of 23
Answer Stats
Club Nation Manager % Correct
Arsenal Spain Mikel Arteta
100%
Manchester City Spain Pep Guardiola
95%
Liverpool Germany Jürgen Klopp
92%
Manchester United Netherlands Erik ten Hag
82%
Aston Villa Spain Unai Emery
82%
Chelsea Argentina Mauricio Pochettino
76%
Everton England Sean Dyche
76%
Burnley Belgium Vincent Kompany
76%
Newcastle United England Eddie Howe
71%
Tottenham Hotspur Australia Ange Postecoglou
68%
Brighton & Hove Albion Italy Roberto De Zerbi
68%
West Ham United Scotland David Moyes
66%
Brentford Denmark Thomas Frank
63%
Crystal Palace England Roy Hodgson
55%
Nottingham Forest Portugal Nuno Espírito Santo
47%
Fulham Portugal Marco Silva
45%
Wolverhampton Wanderers England Gary O'Neil
39%
Sheffield United England Chris Wilder
37%
Luton Town Wales Rob Edwards
37%
Bournemouth Spain Andoni Iraola
34%
Crystal Palace Austria Oliver Glasner
34%
Nottingham Forest Wales Steve Cooper
32%
Sheffield United England Paul Heckingbottom
29%
No matching quizzes found
Score Distribution
Percent of People with Each Score
Percentile by Number Answered
Your Score History
You have not taken this quiz